Mortal Kombat 1 characters by picture - Statistics

General Stats
  • This quiz has been taken 265 times
  • The average score is 13 of 16
Answer Stats
Picture Answer % Correct
Scorpion
98%
Sub Zero
98%
Reptile
93%
Raiden
89%
Kung Lao
88%
Baraka
86%
Liu Kang
86%
Rain
84%
Smoke
82%
Ermac
80%
Geras
74%
Kenshi
71%
Havik
65%
General Shao
63%
Reiko
62%
Ashrah
51%
No matching quizzes found
Score Distribution
Percent of People with Each Score
Percentile by Number Answered
Your Score History
You have not taken this quiz